000 00965nam0a22002771 4500
001 rc\313182
005 20250621032519.0
010 _a5-279-00304-2
_912000
035 _a(NLR Aleph) 005547769
090 _a5777995
_c5777995
100 _a20030307d1990 |||y0rusy50 ca
101 0 _arus
102 _aRU
105 _aa |||||||||
200 1 _aИстория статистики
_e[Учеб. пособие для вузов по спец. "Статистика"]
210 _aМ.
_cФинансы и статистика
_d1990
215 _a294, [1] с.
_cпортр.
_d22
320 _aБиблиогр.: с. 276 (18 назв.)
320 _aУказ. имен и предм.: с. 277-292
700 1 _aПлошко
_bБ.Г.
_f1907-
_gБорис Герасимович
701 1 _aЕлисеева
_bИ.И.
_gИрина Ильинична
801 0 _aRU
_bNLR
_gpsbo
801 1 _aRU
_bELAR
_2rusmarc
852 _aNLR
_j90-5/1635
942 _cBOOK
980 _aNB